ბათუმის შოთა რუსთაველის სახელმწიფო უნივერსიტეტის ბიბლიოთეკა

Справочник по производственному контролю в машиностроении. (ბიბ.ჩანაწერი № 50725)

000 -LEADER
fixed length control field 00864nam a2200229Ia 4500
001 - CONTROL NUMBER
control field 17677
003 - CONTROL NUMBER IDENTIFIER
control field GE_BSU
008 - FIXED-LENGTH DATA ELEMENTS--GENERAL INFORMATION
fixed length control field 181216s||||||||xx |||||||||||||| ||und||
040 ## - CATALOGING SOURCE
Transcribing agency GE_BSU
080 ## - UNIVERSAL DECIMAL CLASSIFICATION NUMBER
Universal Decimal Classification number 658.562(035.5)
100 ## - MAIN ENTRY--PERSONAL NAME
Personal name Абаджи,К.И. Бойцов,А.Н. Волсевич,Ф.П. и др.
245 ## - TITLE STATEMENT
Title Справочник по производственному контролю в машиностроении.
245 ## - TITLE STATEMENT
Statement of responsibility, etc. Под общей ред. А.К.Кутая, ред. М.Л.Бржезинский.
250 ## - EDITION STATEMENT
Edition statement Изд. 2-ое, перер. и допол.
260 ## - PUBLICATION, DISTRIBUTION, ETC.
Place of publication, distribution, etc. М.
260 ## - PUBLICATION, DISTRIBUTION, ETC.
Name of publisher, distributor, etc. Машгиз.
260 ## - PUBLICATION, DISTRIBUTION, ETC.
Date of publication, distribution, etc. 1963.
300 ## - PHYSICAL DESCRIPTION
Extent 748 стр. с илл. 22 см.
300 ## - PHYSICAL DESCRIPTION
Accompanying material Табл.
653 ## - INDEX TERM--UNCONTROLLED
Uncontrolled term Справочник по производственному контролю в машиностроении.
942 ## - ADDED ENTRY ELEMENTS (KOHA)
Koha item type წიგნი
ეგზემპლარები
Withdrawn status Lost status Damaged status Not for loan Date acquired Barcode Date last seen Price effective from Koha item type
        2018-12-17 10356 2018-12-17 2018-12-17 წიგნი
        2018-12-17 10357 2018-12-17 2018-12-17 წიგნი